| 000 | 00795cam a22002653a 4500 | ||
|---|---|---|---|
| 001 | 29703 | ||
| 003 | PGUSA | ||
| 005 | 20140828083637.0 | ||
| 008 | 090815s2009||||xxu|||||s|||||000 1 eng d | ||
| 040 |
_aPGUSA _beng |
||
| 042 | _adc | ||
| 050 | 4 | _aPQ | |
| 100 | 1 |
_aHalévy, Ludovic, _d1834-1908 |
|
| 245 | 1 | 0 |
_aEl Abate Constantin _h[electronic resource] / _cLudovic Halévy |
| 260 |
_bProject Gutenberg, _c2009 |
||
| 506 | _aPublic domain in the USA. | ||
| 516 | _aElectronic text | ||
| 653 | _aLove stories | ||
| 653 | _aClergy -- France -- Fiction | ||
| 653 | _aCatholic Church -- Clergy -- Fiction | ||
| 653 | _aFrance -- Social life and customs -- 19th century -- Fiction | ||
| 830 | 0 |
_aProject Gutenberg _v29703 |
|
| 856 | 4 | 0 | _uhttp://www.gutenberg.org/ebooks/29703 |
| 942 | _cEB | ||
| 999 |
_c258958 _d258958 |
||